000 00514nam a2200193Ia 4500
008 220216s9999 xx 000 0 und d
100 _aCazacu G
245 0 _aPolyester/lignosulfonate blends.Pt.2A.Accelerated aging behavior
260 _bMacromolecular Materials and Engineering
_c2000
300 _a93-102
500 _aSource Year: 2001
650 _aAccelerated aging
700 _aAgafitei G E
700 _aIoanid A
700 _aPascu M C
700 _aVasile C
856 _uRAPRA
942 _cJS
999 _c65241
_d65241